| 000 | | | 04097nmc2a22002771x 450 |
| 001 | | | 75e50ca6-9c5b-4001-b5f5-1990d99623d8 |
| 005 | | | 20151119173818.0 |
| 100 | ## | $a | 20150729l19191920k y0rusy50 ca |
| 101 | 0# | $a | rus |
| 102 | ## | $a | RU |
| 105 | ## | $a | y z ||||| |
| 122 | 2# | $a | d19191101 |
| | $a | d19200113 |
| 200 | 1# | $a | Протоколы заседаний Главлескома, доклады, сведения и другие материалы о лесозаготовительных работах |
| | $j | 1 ноября 1919 - 13 января 1920 |
| 215 | ## | $a | 140 листов |
| | $c | граф. |
| 251 | ## | $c | Дело |
| 300 | ## | $a | Листы: 121 - графический; 2, 3, 4, 7, 12, 13, 17, 24, 26, 57 - малоконтрастные и трудночитаемые; 94, 137 - поврежденные; 58 - красные чернила |
| 300 | ## | $a | Часть текста рукописная, часть - машинописная |
| 324 | ## | $a | В деле имеются копии отдельных документов |
| 330 | ## | $a | Входит в раздел описи: II. Канцелярия. А. Переписка с Наркоматами и другими учреждениями. 26. Главный Лесной Комитет |
| 461 | #0 | $1 | 001ad6baeac-e292-4829-90d1-2f4f65796a62 |
| | $1 | 2001 |
| | $a | СОВЕТ НАРОДНЫХ КОМИССАРОВ РСФСР (СНК РСФСР) |
| | $1 | 251 |
| | $c | Фонд |
| | $1 | 852 |
| | $j | 130 |
| | $g | Р |
| 462 | #0 | $1 | 001b67950a2-451c-4959-b990-a53e352adcaa |
| | $1 | 2001 |
| | $a | 1919 год |
| | $v | Д. 335 |
| | $1 | 251 |
| | $c | Опись |
| | $1 | 852 |
| | $j | 3 |
| 601 | 01 | $3 | RU\NLR\AUTH\661074810 |
| | $a | РСФСР |
| | $b | Совет Народных Комиссаров |
| 601 | 01 | $3 | RU\NLR\AUTH\889995857 |
| | $a | РСФСР |
| | $b | Центральное управление лесной промышленности |
| 801 | #0 | $a | RU |
| | $b | GA_RF |
| 801 | #1 | $a | RU |
| | $b | НПО Опыт |
| | $c | 20150729 |
| | $2 | rusmarc |
| 801 | #2 | $a | RU |
| | $b | ПБ им. Б.Н. Ельцина |
| | $c | 20151119 |
| | $g | RCR |
| | $2 | rusmarc |
| 852 | ## | $a | ГА РФ |
| | $j | 335 |
| 937 | ## | $d | 55535088 |
| | $h | ПБ |
| 035 | ## | $a | RuPRLIB51032368 |